000 01463cam a2200229 4500
001 L137240
008 070326s2007 xxk f 000 0 eng d
020 _a9780102944600
035 _a(Sirsi) u137240
041 0 _aeng
050 0 4 _a625.7026 $2 18
110 2 _aNational Audit Office
_94918
245 0 0 _aDepartment for Transport
_bestimating and monitoring the costs of building roads in England
_bReport by the Comptroller and Auditor General
_bHC 321 Session 2006-2007
_h[electronic resource]
260 _aLondon
_bTSO
_c2007
520 _aConsiders how the costs of building and improving roads are estimated and monitored from initial forecasts through to the final cost of schemes. Reveals that the DfT has approved expenditure of over £11bn between 1998 and 2021 for the development of new and existing trunk roads and motorways by the Highways Agency, and nearly £1.7bn on major road schemes which are proposed and developed by local authorities. However, as these schemes have cost more than originally estimated, the report recommends improvements to the estimating and management of scheme costs and improvements in the monitoring and management of road schemes.
590 _aKA
651 4 _aEngland
_y886-
690 _aPROPERTY-INFRASTRUCTURE-ROAD INFRASTRUCTURE
690 _aBUILT ENVIRONMENT-BUILDING COSTS
856 4 8 _uhttps://www.nao.org.uk/pn/06-07/0607321.htm
_zView the report free of charge at www.nao.org.uk...
942 _n0
999 _c106702
_d106702